LEADER 01319nam a2200277 u 4500 001 000000116106 003 CaOOAMICUS 005 20091021102558.0 008 090610s2009 it abo u0000u ita r 040 $aPUL$bita$dLDB 041 1 $aita$heng 100 1 $aFord, Ken.$0(OLS)http://pul/name/70754 240 10$aDieppe 1942: prelude to D-Day.$lItaliano.$0(OLS)http://pul/title/145913 245 10$aDieppe, agosto 1942 :$bpreludio al D-Day : disastro anfibio /$cKen Ford, con illustrazioni di Howard Gerrard. 260 $aMilano :$bRBA Italia,$c2009. 300 $a96 p. :$bill., c. geogr., foto ;$c25 cm. 490 1 $aGrandi battaglie della Seconda guerra mondiale 504 $aInclude bibliografia ed indice. 650 4$aGuerra mondiale, 1939-1945$xStoria militare.$0(OLS)http://pul/subject/34972 700 1 $aGerrard, Howard$4ill.$0(OLS)http://pul/name/70507 830 0$aGrandi battaglie della Seconda guerra mondiale.$0(OLS)http://pul/title/143669 850 $aPUL 852 $aPUL$W1$xDP2 Filosofia 3$y112$m945. 54 COLL 1.19$j133027$qDDC 21$B132039$CPULBib$Z2$F132039 $H110811 $82 941 1 $a9 996 $6245$aDieppe, agosto 1942 :$bpreludio al D-Day : disastro anfibio$9(OLS)http://pul/title/145912 996 $6260$aMilano :$bRBA Italia$9(OLS)http://pul/publisher/80118 LEADER 01045nam a2200229 u 4500 001 000000064558 003 CaOOAMICUS 005 20070226121353.0 008 011121s1870 gw u000 u ger u 035 $a10910703 040 $aPUL(R)$bita 100 1 $aBüchner, Ludwig,$d1824-1899.$0(OLS)http://pul/name/6844 245 10$aKraft und Stoff :$bempirisch-naturphilosophische Studien /$cin allgemein-verständlicher Darstellung von Dr. Ludwig Büchner. 250 $a11. vermehrte und verbesserte und mit zahlreichen Anmerkungen versehene Aufl. 260 $aLeipzig :$bT. Thomas,$c1870. 300 $acxiii, 279 p. ;$c20 cm 650 4$aNatura (filosofia).$0(OLS)http://pul/subject/14221 850 $aPUL 852 $aPUL$W1$xDP1 Antico 800$y27$m86 G 9$j83688$nBK-PRI$b $qStampati Antico$B83688$CPULBib$Z2$F83688 $H $81 941 1 $a15 996 $6245$aKraft und Stoff :$bempirisch-naturphilosophische Studien$9(OLS)http://pul/title/86012 996 $6260$aLeipzig :$bT. Thomas$9(OLS)http://pul/publisher/51419